| 000 | 01109nam a2200301 4500 | ||
|---|---|---|---|
| 001 | 0000022184 | ||
| 003 | CO-CtgCURN | ||
| 005 | 20250828213537.0 | ||
| 008 | 160627s2005 000 0 eng d | ||
| 020 | _a9583505447 | ||
| 040 |
_aCO-CtgCURN _bspa _ccoctgcurn |
||
| 082 | 0 |
_a345.2 _bR63t |
|
| 100 | 1 | _aRodrÃguez Choconta, Orlando Alfonso. | |
| 245 | 1 | 0 |
_aEl testimonio penal y sus errores : _bsu practica en el juicio oral y publico. |
| 250 | _a2a ed. | ||
| 260 |
_aBogotá : _bTemis, _c2005. |
||
| 300 | _a324 p. | ||
| 336 | _2rdacontent | ||
| 337 |
_2rdamedia _asin mediacion _bn |
||
| 338 |
_2rdacarrier _avolumen _bnc |
||
| 500 | _aIncluye indice. | ||
| 504 | _aBibliografia (p. 319-322) | ||
| 505 | 8 | _aEl testimonio.--Principios del testimonio.--Declaracion jurada.--Interrogatorio.--Contrainterrogatorio.--Credibilidad.--El testigo.--El testigo y la atencion.--El testimonio de la victima.--Testimonio del menor | |
| 650 | 0 | _aEvidencia (Derecho) | |
| 908 | _a160627 | ||
| 942 |
_cBK _h345.2 _iR63t _2ddc |
||
| 999 |
_c49992 _d49992 _x1 |
||